|
|
|
|
| LEADER |
00000nam0a2200000 4500 |
| 001 |
114453 |
| 005 |
20231031122247.0 |
| 010 |
|
|
|a 5020244848
|
| 020 |
|
|
|a RU
|b 90-11744
|
| 035 |
|
|
|a (RuTPU)RU\TPU\book\123758
|
| 090 |
|
|
|a 114453
|
| 100 |
|
|
|a 20070423d1990 km y0rusy5003 ca
|
| 101 |
0 |
|
|a rus
|
| 102 |
|
|
|a RU
|
| 105 |
|
|
|a a z 001zy
|
| 200 |
1 |
|
|a Геология и геохронология докембрия Сибирской платформы и ее обрамления
|e сборник научных трудов
|f Российская академия наук (РАН), Отделение геологии, геофизики, геохимии и горных наук (ОГГГиГН), Научный совет по геологии докембрия ; под ред. В. М. Шемякина
|
| 210 |
|
|
|a Ленинград
|c Наука
|c Ленингр. отд-ние
|d 1990
|
| 215 |
|
|
|a 247 с., [2] л. ил.: ил.
|
| 320 |
|
|
|a Библиогр. в конце ст.
|
| 610 |
1 |
|
|a геохронология абсолютная
|
| 610 |
1 |
|
|a докембрийские отложения
|
| 610 |
1 |
|
|a Сибирская платформа
|
| 610 |
1 |
|
|a складчатость
|
| 675 |
|
|
|a 55(571.1/5)
|z rus
|
| 675 |
|
|
|a 550.93:551.71/72(571.1/5)
|z rus
|
| 702 |
|
1 |
|a Шемякин
|b В. М.
|g Владимир Михайлович
|4 340
|
| 712 |
0 |
2 |
|a Российская академия наук (РАН)
|b Отделение геологии, геофизики, геохимии и горных наук
|b Научный совет по геологии докембрия
|2 stltpush
|3 (RuTPU)RU\TPU\col\51
|
| 801 |
|
0 |
|a RU
|b RuMRKP
|c 19950417
|g psbo
|
| 801 |
|
1 |
|a RU
|b 63413507
|c 20070423
|g PSBO
|
| 801 |
|
2 |
|a RU
|b 63413507
|c 20100303
|g PSBO
|
| 942 |
|
|
|c BK
|